In vitro studies on reductive vinyl chloride dehalogenation by an anaerobic mixed culture /

Bewaard in:
Bibliografische gegevens
Hoofdauteur: Rosner, B. M.
Andere auteurs: Mccarty, P. L., Spormann, A. M.
Formaat: Artikel
Taal:English
Onderwerpen:
Tags: Voeg label toe
Geen labels, Wees de eerste die dit record labelt!
Thư viện lưu trữ: Thư viện Trường Đại học Đà Lạt
LEADER 01055nam a2200349 4500
001 DLU090096308
005 ##20091201
040 # # |a DLU  |b eng 
041 # # |a eng 
044 # # |a us 
100 # # |a Rosner, B. M. 
245 # # |a In vitro studies on reductive vinyl chloride dehalogenation by an anaerobic mixed culture /  |c B. M. Rosner, P. L. Mccarty, A. M. Spormann. 
653 # # |a Anaerobiosis 
653 # # |a Biodegradation 
653 # # |a Chlorocarbon 
653 # # |a Dechlorination 
653 # # |a Dehalogenation 
653 # # |a Kinetics 
653 # # |a Mixed microorganism culture  
653 # # |a Pollutant 
700 # # |a Mccarty, P. L. 
700 # # |a Spormann, A. M. 
773 # # |t Applied and Environmental Microbiology  |g Vol. 63, no. 11 (November 1997), p. 4139-4144 
920 # # |a Phòng Tạp chí -- Trung tâm Thông tin - Thư viện Trường Đại học Đà Lạt 
994 # # |a DLU 
900 # # |a True 
911 # # |a Trương Bảo Trâm Anh 
925 # # |a G 
926 # # |a A 
927 # # |a BB 
980 # # |a Thư viện Trường Đại học Đà Lạt